000 00374nam a2200145 i 4500
001 82571
003 ES-MaACL
005 20230906174710.0
007 t|
008 041111s1938 sp ||||1| spa d
245 0 3 _aEl imperio colonial alemán.
260 _aSalamanca :
_b[s.n.,
_c1938] (
_eSantander :
_fAldus)
300 _a39 p. ;
_c22 cm.
852 _aES-MaACL
_j1816-F-21
999 _c82571
_d82571